000 01259nam a2200325 4500
001 0000017779
003 CO-CtgCURN
005 20250519160818.0
007 ta
008 160627s1997 000 0 eng d
020 _a95014928
040 _aCO-CtgCURN
_bspa
_ccoctgcurn
082 0 _a616.9
_bM15
100 1 _aMandell, Gerald L.
245 1 0 _aEnfermedades infecciosas :
_bprincipios y práctica /
_cGerald L. Mandell, John E. Bennett, Raphael Dolin.
250 _a4a ed.
260 _aBuenos Aires :
_bEditorial Médica Panamericana,
_c1997.
300 _a2 V.
336 _2rdacontent
337 _2rdamedia
_asin mediacion
_bn
338 _2rdacarrier
_avolumen
_bnc
500 _aTitulo original. Principles and practice on infectious diseases.
505 8 _av.1 Principios basicos en el diagnostico y manejo de las enfermedades infecciosas.--Principales sindromes clinicos. --v.2 Enfermedades infecciosas y sus agentes etiologicos.--Problemas especiales
650 1 4 _aEnfermedades transmisibles.
700 1 _aDolin, Raphael,
_eEditor.
908 _a160627
942 _cBK
_h616.9
_iM15
_2ddc
_n0
999 _c22969
_d22969